Agroecology : (Record no. 20780)

000 -LEADER
fixed length control field 01841cam a22002417i 4500
020 ## - INTERNATIONAL STANDARD BOOK NUMBER
ISBN 9781853399947 (hardback)
020 ## - INTERNATIONAL STANDARD BOOK NUMBER
ISBN 9781552669754 (paperback)
020 ## - INTERNATIONAL STANDARD BOOK NUMBER
ISBN 9781780449944 (pdf)
040 ## - CATALOGING SOURCE
Transcribing agency BTCTA
082 04 - DEWEY DECIMAL CLASSIFICATION NUMBER
Classification number 577 ROS 2017 A035 Or.
100 1# - MAIN ENTRY--AUTHOR NAME
Personal name Rosset, Peter,
245 10 - TITLE STATEMENT
Title Agroecology :
Remainder of title science and politics /
300 ## - PHYSICAL DESCRIPTION
Number of Pages xiv, 146 pages :
Other physical details illustrations ;
Dimensions 21 cm.
490 0# - SERIES STATEMENT
Series statement Agrarian change and peasant studies series ;
500 ## - GENERAL NOTE
General note "Published in the rest of the world by Practical Action Publishing ... Warwickshire, UK"--Title page verso.
520 ## - SUMMARY, ETC.
Summary, etc "Our global food system is largely based on unsustainable industrial agricultural practices, is a major source of greenhouse gas emissions, is controlled by a handful of large corporations and produces unhealthy food. Agroecology is a solution to these increasingly urgent problems. After decades of being dismissed by mainstream institutions and defended in obscurity by grassroots movements and farmers, agroecology is suddenly in fashion. The UN Food and and Agriculture Organization, government ministries and even corporations are jumping on the bandwagon. But, are they pushing the same agroecology as developed by pioneering farmers and scientists and pushed for by peasant social movements, or are they seeking to co-opt the concept and give it different content? Rosset and Altieri, two of the world's leading agroecologists, outline the principles, history and currents of agroecological thought, the scientific evidence for agroecology, the social aspects of bringing agroecology to scale and the contemporary politics of agroecology."--
650 #0 - SUBJECT ADDED ENTRY--TOPICAL TERM
Topical Term Agricultural ecology.
650 #0 - SUBJECT ADDED ENTRY--TOPICAL TERM
Topical Term Agriculture
650 #0 - SUBJECT ADDED ENTRY--TOPICAL TERM
Topical Term Ecology
650 #4 - SUBJECT ADDED ENTRY--TOPICAL TERM
Topical Term TECHNOLOGY & ENGINEERING / Agriculture / General.
700 1# - ADDED ENTRY--PERSONAL NAME
Personal name Altieri, Miguel A.,
942 ## - ADDED ENTRY ELEMENTS (KOHA)
Koha item type ADB
952 ## - LOCATION AND ITEM INFORMATION (KOHA)
Withdrawn status [LOCAL, KOHA] 0
Holdings
Permanent Location Date acquired Koha item type Lost status Shelving location Barcode Current Location Full call number
Library Block A2022-11-30ADB A035a069914Library Block A577 ROS 2017 A035 Or.
មជ្ឈមណ្ឌលឯការនៃសាកលវិទ្យាល័យភូមិន្ទកសិកម្មចំការដូង

Powered by Koha